NBA MVPs From 1956-2025 - Statistics

General Stats
  • This quiz has been taken 119 times
  • The average score is 60 of 70
Answer Stats
Hint Answer % Correct
2021 Nikola Jokic
97%
2022 Nikola Jokic
97%
2024 Nikola Jokic
97%
2025 Shai Gilgeous-Alexander
97%
2009 LeBron James
96%
2010 LeBron James
96%
2012 LeBron James
96%
2013 LeBron James
96%
1988 Michael Jordan
96%
1991 Michael Jordan
96%
1992 Michael Jordan
96%
1996 Michael Jordan
96%
1998 Michael Jordan
96%
2000 Shaquille O'Neal
95%
2019 Giannis Antetokounmpo
94%
2020 Giannis Antetokounmpo
94%
2008 Kobe Bryant
94%
2018 James Harden
92%
2014 Kevin Durant
92%
2015 Stephen Curry
92%
2016 Stephen Curry
92%
1960 Wilt Chamberlain
92%
1966 Wilt Chamberlain
92%
1967 Wilt Chamberlain
92%
1968 Wilt Chamberlain
92%
2017 Russell Westbrook
90%
1971 Kareem Abdul-Jabbar
89%
1972 Kareem Abdul-Jabbar
89%
1974 Kareem Abdul-Jabbar
89%
1976 Kareem Abdul-Jabbar
89%
1977 Kareem Abdul-Jabbar
89%
1980 Kareem Abdul-Jabbar
89%
1984 Larry Bird
89%
1985 Larry Bird
89%
1986 Larry Bird
89%
1987 Magic Johnson
89%
1989 Magic Johnson
89%
1990 Magic Johnson
89%
2023 Joel Embiid
88%
2005 Steve Nash
88%
2006 Steve Nash
88%
2001 Allen Iverson
87%
1958 Bill Russell
87%
1961 Bill Russell
87%
1962 Bill Russell
87%
1963 Bill Russell
87%
1965 Bill Russell
87%
2007 Dirk Nowitzki
85%
1997 Karl Malone
85%
1999 Karl Malone
85%
1979 Moses Malone
85%
1982 Moses Malone
85%
1983 Moses Malone
85%
2004 Kevin Garnett
84%
1994 Hakeem Olajuwon
83%
2011 Derrick Rose
82%
2002 Tim Duncan
81%
2003 Tim Duncan
81%
1993 Charles Barkley
80%
1995 David Robinson
80%
1957 Bob Cousy
74%
1964 Oscar Robertson
74%
1956 Bob Pettit
72%
1959 Bob Pettit
72%
1981 Julius Erving
69%
1978 Bill Walton
68%
1969 Wes Unseld
61%
1970 Willis Reed
55%
1975 Bob McAdoo
53%
1973 Dave Cowens
52%
No matching quizzes found
Score Distribution
Percent of People with Each Score
Percentile by Number Answered
Your Score History
You have not taken this quiz